Malayalam-Russian nighantu (Record no. 24143)

MARC details
000 -LEADER
fixed length control field 00308nam a2200121Ia 4500
082 ## - DEWEY DECIMAL CLASSIFICATION NUMBER
Classification number 030=573.14=16.1
Item number RUS
100 ## - MAIN ENTRY--AUTHOR NAME
Personal name Makarenko, M C
245 #0 - TITLE STATEMENT
Title Malayalam-Russian nighantu
260 ## - PUBLICATION, DISTRIBUTION, ETC. (IMPRINT)
Place of publication Moscow
Name of publisher Soviet Encyclopedia
Year of publication 1971
700 ## - ADDED ENTRY--PERSONAL NAME
Personal name V A
942 ## - ADDED ENTRY ELEMENTS (KOHA)
Koha item type Books
Holdings
Withdrawn status Lost status Damaged status Not for loan Home library Current library Date acquired Cost, normal purchase price Full call number Accession Number Koha item type
        RRII Library RRII Library 16/12/2021 12.75 030=573.14=16.1 RUS 04829 Books